000
00336 a2200145 4500
001
155288
040
_c
Escola São Tomás de Aquino
100
_a
GIOVANNI, José Ruy
240
1
0
_a
A conquista da matemática
_l
por
245
1
0
_a
A conquista da matemática
300
_a
221
440
1
_a
FTD
697
_a
MATEMÁTICA
942
_c
BK
999
_c
155288
_d
155288